Учет, анализ и аудит в период антикризисного управления учебное пособие
В учебном пособии рассматриваются такие важнейшие направления как: особенности методики проведения финансово-экономического анализа неплатежеспособных предприятий; организация ведения бухгалтерского учета, анализа и аудита на предприятиях в период антикризисного управления; нормативно-правовая база,...
Сохранить в:
| Формат: | Книга |
|---|---|
| Язык: | Russian |
| Опубликовано: |
Санкт-Петербург
ИЭО СПбУТУиЭ
2020
|
| Online-ссылка: | https://e.lanbook.com/book/246413 https://e.lanbook.com/img/cover/book/246413.jpg |
| Метки: |
Добавить метку
Нет меток, Требуется 1-ая метка записи!
|
| LEADER | 03104nam0a2200253 i 4500 | ||
|---|---|---|---|
| 001 | 246413 | ||
| 003 | RuSpLAN | ||
| 005 | 20221220174200.0 | ||
| 008 | 221220s2020 ru gs 000 0 rus | ||
| 020 | |a 978-5-94047-839-3 | ||
| 040 | |a RuSpLAN | ||
| 041 | 0 | |a rus | |
| 044 | |a ru | ||
| 080 | |a 338.24.01 | ||
| 084 | |a 65.050 |2 rubbk | ||
| 245 | 0 | 0 | |a Учет, анализ и аудит в период антикризисного управления |b учебное пособие |
| 260 | |a Санкт-Петербург |b ИЭО СПбУТУиЭ |c 2020 | ||
| 300 | |a 117 с. | ||
| 504 | |a Библиогр.: доступна в карточке книги, на сайте ЭБС Лань | ||
| 520 | 8 | |a В учебном пособии рассматриваются такие важнейшие направления как: особенности методики проведения финансово-экономического анализа неплатежеспособных предприятий; организация ведения бухгалтерского учета, анализа и аудита на предприятиях в период антикризисного управления; нормативно-правовая база, регламентирующая ведение учета, аудита и анализа на предприятиях, находящихся на разных этапах процедуры банкротства, а также на предприятиях-банкротах; информационное обеспечение анализа фиктивного и преднамеренного банкротства, оценка степени объективности отражения реальных результатов производственно-хозяйственной деятельности в условиях антикризисного управления. В учебном пособии также рассмотрены вопросы, связанные применением зарубежных и российских подходов к прогнозированию вероятности наступления несостоятельности (банкротства) организаций, особенности организации бухгалтерского учета и аудита в условиях арбитражных процедур. Издание предназначено для студентов, обучающихся по направлению 38.03.01 «Экономика», а также может представлять интерес для студентов высших учебных заведений, изучающих экономические науки. | |
| 521 | 8 | |a Книга из коллекции ИЭО СПбУТУиЭ - Экономика и менеджмент | |
| 856 | 4 | |u https://e.lanbook.com/book/246413 | |
| 856 | 4 | 8 | |u https://e.lanbook.com/img/cover/book/246413.jpg |
| 953 | |a https://e.lanbook.com/img/cover/book/246413.jpg | ||